La historia de una familia (Registro nro. 304777)
[ vista simple ]
| 000 -ENCABEZADO | |
|---|---|
| Número de control [NR] | 01450nam a2200241 4500 |
| 005 - FECHA Y HORA DE LA ÚLTIMA TRANSACCIÓN | |
| control field | 20160927093717.0 |
| 008 - DE LONGITUD FIJA DE DATOS DE ELEMENTOS - INFORMACIÓN GENERAL | |
| Elementos de longitud fija [NR] | 160927s2014 ck j|||fr|||| 001 0cspa d |
| 040 ## - FUENTE DE CATALOGACION [NR] | |
| Agencia de catalogación original [NR] | CO-BoUCM |
| Idioma de catalogación [NR] | spa |
| Quien Cataloga | Sandra Yazo |
| Quien Clasifica | Sandra Yazo |
| 041 0# - CODIGO DE IDIOMA [R] | |
| Código de idioma para texto/pista de sonido o título separado [R] | Español |
| 082 04 - NUMERO DE CLASIFICACION DECIMAL DEWEY [R] | |
| Número de la edición [NR] | 20 |
| Número de clasificación [R] | 929.2 |
| 092 ## - SIGNATURA TOPOGRAFICA LOCAL | |
| Número de clasificación local | E63N074 |
| 100 1# - ASIENTO PRINCIPAL--NOMBRE PERSONAL [NR] | |
| Nombre personal [NR] | Umaña Blanche, Mauricio |
| ID Autoridad | 80552 |
| 245 13 - MENCION DE TITULO [NR] | |
| Título [NR] | La historia de una familia |
| Parte restante del título [NR] | Los descencientes de la línea de Juan de Umaña desde 1691 |
| Mención de responsabilidad, etc. [NR] | Mauricio Umaña Blanche ; Luis Fernando Osorio Umaña |
| 260 ## - PUBLICACION, DISTRIBUCION, ETC. (PIE DE IMPRENTA) [R] | |
| Lugar de publicación, distribución, etc. [R] | Bogotá (Colombia) |
| Nombre del editor, distribuidor, etc. [R] | Maremágnum |
| Fecha de publicación, distribución, etc. [R] | 2014 |
| 300 ## - DESCRIPCION FISICA [R] | |
| Extensión [R] | xxviii, 394 páginas |
| Dimensiones [R] | 24 x 16 cm |
| 500 ## - NOTA GENERAL [R] | |
| Nota general [NR] | Detalles físicos: Encuadernación flexible en cartulina, patas con detalles decorados. Portada impresa en una sola tinta. Tabla genealógica al inicio del texto y cuadros entre el texto. Algunas notas al pie de página. Ejemplar en buen estado de conservación |
| 505 0# - NOTA DE CONTENIDO CON FORMATO PREESTABLECIDO [R] | |
| Nota de contenido con formato preestablecido [NR] | Nota del editor ; Agradecimientos ; Abreviaturas ; Cuadro genealógicos ; El apellido Umaña ; Antecedentes en los siglos XVII y XVIII: Umaña Cárdenas y Umaña Gutiérrez ; Los Umaña Sanabria ; Breve historia de las familias Barragán y Manzaneque ; Los Umaña Barragan ; Bibliografía y Fuentes ; Índice general de nombres ; Algunos temas destacados |
| 506 ## - NOTA DE RESTRICCIONES DE ACCESO [R] | |
| Condiciones de acceso [NR] | Consulta en sala |
| 650 #7 - ASIENTO SECUNDARIO DE MATERIA - TERMINO TEMATICO [R] | |
| 9 (RLIN) | 57530 |
| Término temático o nombre geográfico como elemento de entrada [NR] | Genealogías |
| Subdivisión geográfica [R] | Tunja (Colombia) |
| 690 ## - ASUNTO AGREGADO LOCAL DE ENTRADA - TÉRMINO TEMÁTICO (OCLC, RLIN) | |
| Acceso temático local | Biografías |
| 9 (RLIN) | 7343 |
| 700 1# - ASIENTO SECUNDARIO - NOMBRE PERSONAL [R] | |
| Nombre personal [NR] | Osorio Umaña, Luis Fernando |
| 9 (RLIN) | 80553 |
| 942 ## - ELEMENTOS DE ENTRADA AGREGADOS (KOHA) | |
| Sistema de clasificación | LOCAL |
| Tipo de ítem principal el descrito en 300a | Libro |
| Edición | 1 |
| Clasificación | E63N074 |
| Suprimido | Perdido | Sistema de clasificación | Dañado | No prestable | Tipo de ítem específico | Ubicación habitual | Ubicación actual | Localización | Fecha de creación | Forma de adquisición | Costo | Total préstamos | Signatura topográfica | Código de barras | Última vez visto | Ejemplar | Price effective from | Tipo de ítem |
|---|---|---|---|---|---|---|---|---|---|---|---|---|---|---|---|---|---|---|
| LOCAL | Libro archivo | Archivo Histórico | Archivo Histórico | Archivo histórico | 27/09/2016 | Donación | 0.00 | E63N074 | L005906 | 27/09/2016 | Ej.1 | 27/09/2016 | Libro |